000 00380pam a2200145 a 4500
020 _c
041 _h
100 _aGEORGE BHOLENDER.
_eAuthor
245 _aMANAGING HUMAN RESOURSES.
_cGEORGE BHOLENDER.
_hTextual Documents
260 _asouth Western
_bthomson Delmar learninig
300 _a794
653 _ahuman resources management
700 _eCo-Author
930 _a3058
999 _c230457
_d230457